|
|
|
|
| LEADER |
00000cam a2200000 a 4500 |
| 001 |
vtls010479301 |
| 003 |
SK-MaSNL |
| 005 |
20260426002659.0 |
| 008 |
240314s2012 xo l 001 0 slo |
| 015 |
|
|
|a SNBI2013
|
| 020 |
|
|
|a 9788080579722
|q (viaz.)
|
| 035 |
|
|
|a urn:nbn:sk:snk-am00a1p3
|
| 035 |
|
|
|a urn:nbn:sk:snk-am3hdca
|
| 035 |
|
|
|a DF010D8D-7018-4CF4-A070-47215444785F
|
| 040 |
|
|
|a SNK
|b slo
|c SNK
|e AACR2
|
| 041 |
0 |
|
|a slo
|
| 043 |
|
|
|a e-xo---
|
| 044 |
|
|
|a xo
|c SK
|
| 072 |
|
7 |
|a 347
|x Súkromné právo
|2 konspekt
|
| 080 |
|
|
|a 347
|2 2001
|
| 080 |
|
|
|a (094.5)
|2 2001
|
| 080 |
|
|
|a (0.072)
|2 2001
|
| 080 |
|
|
|a (437.6)
|2 2001
|
| 100 |
1 |
|
|a Fekete, Imrich,
|d 1955-
|4 aut
|9 102693
|
| 245 |
1 |
0 |
|a Občiansky zákonník
|b prehľadný komentár
|c Imrich Fekete, Martina Feketeová
|
| 260 |
|
|
|a Bratislava
|b Epos
|c 2012
|
| 300 |
|
|
|a 1314 s.
|c 23 cm
|
| 504 |
|
|
|a Obsahuje register
|
| 650 |
0 |
7 |
|a občianske právo
|2 SNKPH
|9 981
|
| 650 |
0 |
7 |
|a Civil law
|2 SNKPHeng
|9 266960
|
| 651 |
|
7 |
|a Slovensko
|2 SNKPH
|9 14231
|
| 651 |
|
7 |
|a Slovakia
|2 SNKPHeng
|9 92630
|
| 655 |
|
7 |
|a zákony
|2 SNKPH
|9 70186
|
| 655 |
|
7 |
|a komentáre
|2 SNKPH
|9 70412
|
| 655 |
|
7 |
|a príručky
|2 SNKPH
|9 74364
|
| 655 |
|
7 |
|a Laws
|2 SNKPHeng
|9 266957
|
| 655 |
|
7 |
|a Commentaries
|2 SNKPHeng
|9 275605
|
| 655 |
|
7 |
|a Handbooks, manuals, etc
|2 SNKPHeng
|9 90964
|
| 700 |
1 |
|
|a Feketeová, Martina
|4 aut
|9 602771
|
| 710 |
1 |
|
|a Slovensko
|t Občiansky zákonník (1964, novela 2012)
|9 602772
|
| 852 |
|
|
|a Štátna vedecká knižnica v Banskej Bystrici
|
| 919 |
|
|
|a 978-80-8057-972-2
|
| 999 |
|
|
|c 924721
|d 926651
|
| 952 |
|
|
|a SNK
|b SNK
|y PREZ
|7 0
|p 17A1071692
|o snkSC 154699
|i snk2013/12421
|8 0
|0 0
|1 0
|4 0
|d 2013-06-03
|f 1
|l 0
|r 2025-07-24 00:00:00
|w 2026-02-24
|
| 952 |
|
|
|a SNK
|b SNK
|y VYP
|7 0
|p 17A1071693
|o snkSC 154699 D1
|i snk2013/12422
|8 0
|3 Poškodená väzba
|0 0
|1 0
|4 0
|d 2013-06-03
|l 0
|r 2026-02-24 08:28:40
|w 2026-02-24
|